| 000 | 00700nam a2200265 a 4500 | ||
|---|---|---|---|
| 003 | AR-BaBNM | ||
| 005 | 20251128203602.0 | ||
| 008 | 082120s2002 ||||||||||||||000 | spa|| | ||
| 040 | _cAR-BaBNM | ||
| 245 | 0 | 0 | _aTeatro suizo contemporáneo |
| 260 |
_aMadrid _bAguilar _c1963 |
||
| 300 |
_a378 p. _bláms. |
||
| 490 | 0 | _aTeatro contemporáneo | |
| 500 | _aContiene referencias bibliográficas en p. 45 | ||
| 650 | 4 | _aTEATRO | |
| 650 | 4 | _aCRITICA LITERARIA | |
| 650 | 4 | _aANTOLOGIAS | |
| 650 | 4 | _aBIOGRAFIAS | |
| 650 | 4 | _aLITERATURA CONTEMPORANEA | |
| 653 | _aLITERATURA SUIZA | ||
| 655 | _aLITERATURA | ||
| 700 | 1 |
_aThiebaud, Marie-Claire _eprologuista |
|
| 942 | _cBK | ||
| 998 | _cMARTIN | ||
| 999 |
_c4017 _d4017 |
||